[Event "Muensterland Verbandsliga playoff 1-4"]
[Site "Germany"]
[Date "2023.05.13"]
[Round "2.1"]
[White "Hofene, Dieter"]
[Black "Koke, Christoph"]
[Result "1/2-1/2"]
[WhiteElo "1948"]
[BlackElo "2095"]
[PlyCount "47"]
[EventDate "2022.03.25"]
[EventType "team-k.o."]
[EventRounds "2"]
[EventCountry "GER"]
[SourceTitle "EXT 2024"]
[Source "ChessBase"]
[SourceDate "2023.10.10"]
[SourceVersion "1"]
[SourceVersionDate "2023.10.10"]
[SourceQuality "1"]
[WhiteTeam "Beelen"]
[BlackTeam "Olfen"]
[WhiteTeamCountry "GER"]
[BlackTeamCountry "GER"]

1. e4 c5 2. Nc3 Nc6 3. g3 g6 4. Bg2 Bg7 5. d3 d6 6. Be3 Nf6 7. h3 Nd4 8. Qd2 Qa5 9. Nge2 Nxe2 10. Nxe2 Qxd2+ 11. Bxd2 Nd7 12. Bc3 Bxc3+ 13. Nxc3 Rb8 14. 0-0 a6 15. f4 e6 16. Rae1 Ke7 17. Rf2 b5 18. Nd1 a5 19. g4 Ba6 20. Ne3 h5 21. g5 b4 22. b3 a4 23. h4 Bb5 24. Bh3 1/2-1/2

[Event "Muensterland Verbandsliga Gr2 2223"]
[Site "Germany"]
[Date "2022.11.12"]
[Round "3.1"]
[White "Koke, Christoph"]
[Black "Wienen, Hermann"]
[Result "1-0"]
[WhiteElo "2082"]
[BlackElo "1909"]
[PlyCount "47"]
[EventDate "2022.09.10"]
[EventType "team-tourn"]
[EventRounds "5"]
[EventCountry "GER"]
[SourceTitle "EXT 2024"]
[Source "ChessBase"]
[SourceDate "2023.10.10"]
[SourceVersion "1"]
[SourceVersionDate "2023.10.10"]
[SourceQuality "1"]
[WhiteTeam "Olfen"]
[BlackTeam "Heiden"]
[WhiteTeamCountry "GER"]
[BlackTeamCountry "GER"]

1. Nf3 d5 2. c4 c6 3. e3 Nf6 4. d4 Bg4 5. Nc3 e6 6. h3 Bxf3 7. Qxf3 Nbd7 8. cxd5 cxd5 9. g4 Bb4 10. Bd3 Qa5 11. Bd2 e5 12. dxe5 Nxe5 13. Qf5 Nxd3+ 14. Qxd3 0-0 15. Qb5 Qxb5 16. Nxb5 Bxd2+ 17. Kxd2 Ne4+ 18. Ke2 f5 19. Rh2 Rac8 20. Nd4 fxg4 21. hxg4 g6 22. Rd1 Rf6 23. f3 Rb6 24. fxe4 1-0

[Event "Muensterland Verbandsliga Gr2 2223"]
[Site "Germany"]
[Date "2022.10.22"]
[Round "2.1"]
[White "Sparwel, Oliver"]
[Black "Koke, Christoph"]
[Result "1/2-1/2"]
[WhiteElo "1922"]
[BlackElo "2082"]
[PlyCount "57"]
[EventDate "2022.09.10"]
[EventType "team-tourn"]
[EventRounds "5"]
[EventCountry "GER"]
[SourceTitle "EXT 2024"]
[Source "ChessBase"]
[SourceDate "2023.10.10"]
[SourceVersion "1"]
[SourceVersionDate "2023.10.10"]
[SourceQuality "1"]
[WhiteTeam "Suedlohn II"]
[BlackTeam "Olfen"]
[WhiteTeamCountry "GER"]
[BlackTeamCountry "GER"]

1. d4 c6 2. c4 Nf6 3. Nf3 d5 4. e3 Bf5 5. Nc3 e6 6. cxd5 exd5 7. Bd3 Bxd3 8. Qxd3 Bd6 9. 0-0 0-0 10. Ne5 Bxe5 11. dxe5 Nfd7 12. f4 f6 13. exf6 Nxf6 14. e4 dxe4 15. Qc4+ Kh8 16. Nxe4 Nxe4 17. Qxe4 Nd7 18. Be3 Nf6 19. Qd4 Nd5 20. Bd2 Qb6 21. Qxb6 axb6 22. g3 b5 23. Rfe1 Kg8 24. a3 Ra4 25. Rad1 Rf7 26. Re8+ Rf8 27. Ree1 Rf7 28. Re8+ Rf8 29. Ree1 1/2-1/2

[Event "Muensterland Verbandsliga 2122"]
[Site "Germany"]
[Date "2021.11.13"]
[Round "2.1"]
[White "Koke, Christoph"]
[Black "Melkert, Tim"]
[Result "1/2-1/2"]
[WhiteElo "2095"]
[BlackElo "1899"]
[PlyCount "76"]
[EventDate "2021.10.02"]
[EventType "team-tourn"]
[EventRounds "2"]
[EventCountry "GER"]
[SourceTitle "EXT 2023"]
[Source "ChessBase"]
[SourceDate "2022.10.05"]
[SourceVersion "1"]
[SourceVersionDate "2022.10.05"]
[SourceQuality "1"]
[WhiteTeam "Olfen"]
[BlackTeam "Nienberge II"]
[WhiteTeamCountry "GER"]
[BlackTeamCountry "GER"]

1. d4 e6 2. Nf3 Nf6 3. g3 b6 4. Bg2 Bb7 5. 0-0 Be7 6. c4 0-0 7. Nbd2 c5 8. b3 Qc7 9. Qc2 Nc6 10. Bb2 cxd4 11. Nxd4 Nxd4 12. Bxd4 Bxg2 13. Kxg2 d5 14. Qb2 Rfd8 15. Rac1 Qb7 16. Nf3 dxc4 17. Rxc4 b5 18. Rc2 Ba3 19. Qxa3 Rxd4 20. Rfc1 b4 21. Qa5 Rdd8 22. Rc4 Rdb8 23. R1c2 h6 24. h3 Nd5 25. Kh2 Qb6 26. Rc5 Nc3 27. Kg2 Rc8 28. Qxb6 axb6 29. Rxc8+ Rxc8 30. Ne5 Ra8 31. Nd3 Rxa2 32. Nxb4 Rxc2 33. Nxc2 Nxe2 34. Kf3 Nc3 35. Ke3 e5 36. Kd3 Nd1 37. Ke2 Nc3+ 38. Kd3 Nd1 1/2-1/2

[Event "Muensterland Verbandsliga 1920"]
[Site "Germany"]
[Date "2020.02.01"]
[Round "6.1"]
[White "Junker, Axel"]
[Black "Koke, Christoph"]
[Result "0-1"]
[WhiteElo "1925"]
[BlackElo "2109"]
[PlyCount "108"]
[EventDate "2019.09.07"]
[EventType "team-tourn"]
[EventRounds "7"]
[EventCountry "GER"]
[SourceTitle "EXT 2023"]
[Source "ChessBase"]
[SourceDate "2022.10.05"]
[SourceVersion "1"]
[SourceVersionDate "2022.10.05"]
[SourceQuality "1"]
[WhiteTeam "Telgte"]
[BlackTeam "Olfen"]
[WhiteTeamCountry "GER"]
[BlackTeamCountry "GER"]

1. c4 c6 2. d4 Nf6 3. Nc3 d5 4. Nf3 a6 5. e3 b5 6. cxd5 cxd5 7. a4 b4 8. Na2 e6 9. Bd2 a5 10. Bb5+ Bd7 11. Qe2 Bd6 12. Nc1 Ne4 13. Nb3 0-0 14. Rc1 Qb6 15. Ne5 Bxb5 16. Qxb5 Qxb5 17. axb5 a4 18. f3 Nxd2 19. Nxd2 Ra5 20. Ra1 Bxe5 21. dxe5 Nd7 22. Nb3 Raa8 23. Nd4 Nxe5 24. Ke2 b3 25. Rhc1 Nc4 26. Rab1 Rfb8 27. f4 Kf8 28. Kd3 Rc8 29. Ke2 Ke8 30. g4 Kd7 31. g5 Rc5 32. Ra1 Rcc8 33. Rab1 h6 34. h4 hxg5 35. hxg5 Rh8 36. Nf3 Kd6 37. e4 g6 38. exd5 exd5 39. Rd1 Rhe8+ 40. Kf2 Re4 41. Kg3 Rb8 42. Rd4 Rxd4 43. Nxd4 Kc5 44. Ne2 Rxb5 45. Nc3 Ra5 46. Kf2 Kb4 47. Nd1 d4 48. Ke2 Kc5 49. Kd3 Kd5 50. Rc1 Rc5 51. Rb1 Rc8 52. Ra1 Ra8 53. Rc1 Rh8 54. Rb1 Rh2 0-1

[Event "Muensterland Regionalliga 1819"]
[Site "Germany"]
[Date "2019.03.23"]
[Round "8.1"]
[White "Wieder, Heiner"]
[Black "Koke, Christoph"]
[Result "0-1"]
[WhiteElo "2089"]
[BlackElo "2078"]
[PlyCount "82"]
[EventDate "2018.09.08"]
[EventType "team-tourn"]
[EventRounds "9"]
[EventCountry "GER"]
[SourceTitle "EXT 2020"]
[Source "ChessBase"]
[SourceDate "2019.10.17"]
[SourceVersion "1"]
[SourceVersionDate "2019.10.17"]
[SourceQuality "1"]
[WhiteTeam "Muenster II"]
[BlackTeam "Olfen"]
[WhiteTeamCountry "GER"]
[BlackTeamCountry "GER"]

1. e4 c6 2. d4 d5 3. e5 Bf5 4. Nc3 e6 5. g4 Bg6 6. Nge2 c5 7. Be3 Nc6 8. dxc5 Nxe5 9. Nd4 Nd7 10. f4 Ngf6 11. f5 exf5 12. gxf5 Bh5 13. Be2 Qe7 14. Qd2 Bxe2 15. Qxe2 Nxc5 16. 0-0-0 0-0-0 17. Rhe1 Qd7 18. Bg5 Re8 19. Qg2 Rxe1 20. Rxe1 Nfe4 21. Nxe4 Nxe4 22. Bf4 Qa4 23. Rxe4 dxe4 24. Qxe4 Qd7 25. Qe5 Kd8 26. f6 Rg8 27. Qb8+ Qc8 28. Qxa7 gxf6 29. Qa5+ Ke8 30. Qb5+ Qd7 31. Qe2+ Be7 32. c3 Rg1+ 33. Kc2 Qd5 34. Qe3 Rg2+ 35. Kd3 Rxb2 36. c4 Qd7 37. a3 Ra2 38. Qe4 Rxa3+ 39. Ke2 Qg4+ 40. Kd2 Ra2+ 41. Kc3 Rf2 0-1

[Event "Muensterland Regionalliga 1617"]
[Site "Germany"]
[Date "2017.02.04"]
[Round "6.1"]
[White "Ringwelski, Marius"]
[Black "Koke, Christoph"]
[Result "1/2-1/2"]
[WhiteElo "1998"]
[BlackElo "2073"]
[PlyCount "109"]
[EventDate "2016.09.17"]
[EventType "team"]
[EventRounds "9"]
[EventCountry "GER"]
[SourceTitle "EXT 2018"]
[Source "ChessBase"]
[SourceDate "2017.10.13"]
[SourceVersion "1"]
[SourceVersionDate "2017.10.13"]
[SourceQuality "1"]
[WhiteTeam "Nienberge"]
[BlackTeam "Olfen"]
[WhiteTeamCountry "GER"]
[BlackTeamCountry "GER"]

1. c4 c6 2. g3 d5 3. Nf3 Nf6 4. Bg2 e6 5. 0-0 Nbd7 6. d4 Be7 7. Nbd2 0-0 8. Qc2 b6 9. e4 Ba6 10. e5 Ne8 11. Re1 Nc7 12. cxd5 cxd5 13. Bf1 Qc8 14. a3 Qb7 15. Qa4 b5 16. Qc2 b4 17. Qa4 Nb6 18. Bxa6 Qxa6 19. Qxa6 Nxa6 20. a4 Rfc8 21. b3 Rc2 22. Rd1 Rac8 23. Ne1 R2c7 24. Bb2 Nb8 25. Rac1 N6d7 26. Rxc7 Rxc7 27. Rc1 Rxc1 28. Bxc1 Nc6 29. Bb2 f6 30. f4 Bd8 31. Kf1 Bb6 32. Nef3 Kf7 33. Ke2 h6 34. Kd3 Ndb8 35. Nf1 Na5 36. N3d2 Nbc6 37. Ne3 Ne7 38. g4 g5 39. f5 fxe5 40. fxe6+ Kxe6 41. dxe5 Bxe3 42. Kxe3 Nac6 43. Nf3 Ng6 44. Bd4 a6 45. Bc5 Ngxe5 46. Nxe5 Kxe5 47. Bf8 d4+ 48. Kd3 Kd5 49. Bxh6 Ne5+ 50. Ke2 d3+ 51. Kd1 Nxg4 52. Bxg5 Nxh2 53. Be7 Nf3 54. Bxb4 Nd4 55. Kd2 1/2-1/2

[Event "Muensterland Regionalliga 1617"]
[Site "Germany"]
[Date "2016.12.03"]
[Round "4.1"]
[White "Fuest, Martin"]
[Black "Koke, Christoph"]
[Result "1/2-1/2"]
[WhiteElo "2156"]
[BlackElo "2073"]
[PlyCount "142"]
[EventDate "2016.09.17"]
[EventType "team"]
[EventRounds "9"]
[EventCountry "GER"]
[SourceTitle "EXT 2018"]
[Source "ChessBase"]
[SourceDate "2017.10.13"]
[SourceVersion "1"]
[SourceVersionDate "2017.10.13"]
[SourceQuality "1"]
[WhiteTeam "Bocholt"]
[BlackTeam "Olfen"]
[WhiteTeamCountry "GER"]
[BlackTeamCountry "GER"]

1. d4 d5 2. c4 c6 3. cxd5 cxd5 4. Nc3 Nf6 5. Nf3 Nc6 6. Bf4 e6 7. e3 Be7 8. h3 0-0 9. Bd3 a6 10. Rc1 Bd7 11. Ne5 Qa5 12. Nxd7 Nxd7 13. 0-0 Rfc8 14. Bb1 Nf8 15. Bg3 b5 16. f3 Qd8 17. Ne2 Na5 18. Qd3 Nc4 19. Rc2 Bd6 20. f4 f5 21. Rfc1 Nd7 22. Be1 Nf6 23. Bh4 Be7 24. Bxf6 Bxf6 25. Kf2 Kf7 26. Qd1 Qd7 27. Ng1 g6 28. Nf3 Nd6 29. Rc5 Nb7 30. Ne5+ Bxe5 31. Rxc8 Rxc8 32. fxe5 Rc6 33. Ke2 Qc7 34. Rxc6 Qxc6 35. Bd3 Nd8 36. Qe1 Qc7 37. Qh4 Ke8 38. Qf6 Qe7 39. Qxe7+ Kxe7 40. a4 b4 41. Bxa6 Nc6 42. Bd3 h5 43. g3 Na5 44. h4 Kf7 45. Kf3 Kg7 46. Bb5 Kf7 47. Bd3 Nb3 48. Ke2 Ke7 49. Kd1 Na5 50. Kc2 Kd7 51. b3 Ke7 52. Be2 Kd7 53. Bd1 Ke7 54. Kd3 Kf7 55. Ke2 Ke7 56. Kf3 Kf7 57. Kf4 Kf8 58. Kg5 Kg7 59. Bc2 Kf7 60. Kh6 Nc6 61. Bd1 Na5 62. Kg5 Kg7 63. Kf4 Kf7 64. Kf3 Ke7 65. Ke2 Kd7 66. Kd2 Ke7 67. Kc2 Nc6 68. Kb2 Kf7 69. Be2 Ke7 70. Ba6 Kd8 71. Kc2 Na5 1/2-1/2

[Event "Muensterland Regionalliga 1617"]
[Site "Germany"]
[Date "2016.10.29"]
[Round "2.1"]
[White "Kolakovic, Klaudio"]
[Black "Koke, Christoph"]
[Result "1/2-1/2"]
[WhiteElo "2020"]
[BlackElo "2073"]
[PlyCount "50"]
[EventDate "2016.09.17"]
[EventType "team"]
[EventRounds "9"]
[EventCountry "GER"]
[SourceTitle "EXT 2018"]
[Source "ChessBase"]
[SourceDate "2017.10.13"]
[SourceVersion "1"]
[SourceVersionDate "2017.10.13"]
[SourceQuality "1"]
[WhiteTeam "Suedlohn"]
[BlackTeam "Olfen"]
[WhiteTeamCountry "GER"]
[BlackTeamCountry "GER"]

1. d4 d5 2. Nc3 c6 3. e4 dxe4 4. Nxe4 Bf5 5. Ng3 Bg6 6. h4 h6 7. Nh3 e6 8. Nf4 Bh7 9. Bc4 Nf6 10. 0-0 Bd6 11. Re1 0-0 12. c3 Nd5 13. Bxd5 cxd5 14. Qg4 Kh8 15. Ngh5 Rg8 16. Ng3 Nd7 17. Nh3 Nf6 18. Qf3 Rf8 19. Bf4 Ne4 20. Nxe4 Bxe4 21. Qg3 Be7 22. h5 Bh7 23. Re2 Rc8 24. Rae1 Rc6 25. Be5 Bf6 1/2-1/2

[Event "Muensterland Verbandsliga 1516"]
[Site "Germany"]
[Date "2016.05.21"]
[Round "9.1"]
[White "Koke, Christoph"]
[Black "Liesmann, Karsten"]
[Result "1/2-1/2"]
[WhiteElo "2058"]
[BlackElo "1987"]
[PlyCount "73"]
[EventDate "2015.09.12"]
[EventType "team"]
[EventRounds "9"]
[EventCountry "GER"]
[SourceTitle "EXT 2017"]
[Source "ChessBase"]
[SourceDate "2016.10.25"]
[SourceVersion "1"]
[SourceVersionDate "2016.10.25"]
[SourceQuality "1"]
[WhiteTeam "Olfen"]
[BlackTeam "Bocholt"]
[WhiteTeamCountry "GER"]
[BlackTeamCountry "GER"]

1. d4 d5 2. c4 Nc6 3. Nc3 dxc4 4. Nf3 Nf6 5. Bg5 Bg4 6. d5 Bxf3 7. exf3 Ne5 8. Qd4 Nd3+ 9. Bxd3 cxd3 10. 0-0-0 c6 11. Bxf6 gxf6 12. Rxd3 Qb6 13. dxc6 Qxd4 14. Rxd4 bxc6 15. Rhd1 Rg8 16. g3 f5 17. Rd7 Rg6 18. f4 Bg7 19. Rc7 Re6 20. Kc2 a5 21. Rd2 Bxc3 22. Kxc3 f6 23. Rd3 Ra6 24. Re3 Rxe3+ 25. fxe3 Rb6 26. b3 Kd8 27. Ra7 Rb5 28. Kc4 Rd5 29. a4 Ke8 30. Ra8+ Kd7 31. Rh8 Rd2 32. Rxh7 Rc2+ 33. Kd4 Rd2+ 34. Kc5 Rd3 35. Kc4 Rxe3 36. Rg7 Re4+ 37. Kc3 1/2-1/2

[Event "Muensterland Verbandsliga 1516"]
[Site "Germany"]
[Date "2016.03.05"]
[Round "7.1"]
[White "Austrup, David"]
[Black "Koke, Christoph"]
[Result "0-1"]
[WhiteElo "1902"]
[BlackElo "2058"]
[PlyCount "46"]
[EventDate "2015.09.12"]
[EventType "team"]
[EventRounds "9"]
[EventCountry "GER"]
[SourceTitle "EXT 2017"]
[Source "ChessBase"]
[SourceDate "2016.10.25"]
[SourceVersion "1"]
[SourceVersionDate "2016.10.25"]
[SourceQuality "1"]
[WhiteTeam "Muenster SK V"]
[BlackTeam "Olfen"]
[WhiteTeamCountry "GER"]
[BlackTeamCountry "GER"]

1. e4 c6 2. d4 d5 3. exd5 cxd5 4. c4 Nf6 5. Nc3 Nc6 6. Bg5 dxc4 7. d5 Ne5 8. Qd4 h6 9. Bf4 Ng6 10. Bg3 e6 11. Bxc4 exd5 12. Bxd5 Be7 13. 0-0-0 0-0 14. Qe3 Qa5 15. Nge2 Nxd5 16. Rxd5 Qa6 17. Nd4 Be6 18. Nxe6 fxe6 19. Rd3 Bg5 20. f4 Nxf4 21. Kc2 Nxd3 22. Qxd3 Qxd3+ 23. Kxd3 Rfd8+ 0-1

[Event "Muensterland Verbandsliga 1516"]
[Site "Germany"]
[Date "2015.09.12"]
[Round "1.1"]
[White "Luecke, Thomas"]
[Black "Koke, Christoph"]
[Result "1/2-1/2"]
[WhiteElo "1801"]
[BlackElo "2058"]
[PlyCount "27"]
[EventDate "2015.09.12"]
[EventType "team"]
[EventRounds "9"]
[EventCountry "GER"]
[SourceTitle "EXT 2017"]
[Source "ChessBase"]
[SourceDate "2016.10.25"]
[SourceVersion "1"]
[SourceVersionDate "2016.10.25"]
[SourceQuality "1"]
[WhiteTeam "Emsdetten Rochade II"]
[BlackTeam "Olfen"]
[WhiteTeamCountry "GER"]
[BlackTeamCountry "GER"]

1. d4 Nf6 2. c4 g6 3. Nc3 d5 4. Bf4 Bg7 5. Rc1 0-0 6. Nf3 c6 7. e3 a6 8. cxd5 cxd5 9. Qb3 Nc6 10. Bd3 e6 11. 0-0 Nh5 12. Bg5 Bf6 13. Bxf6 Nxf6 14. Na4 1/2-1/2

[Event "Muensterland Regionalliga 1314"]
[Site "Germany"]
[Date "2014.01.18"]
[Round "5.1"]
[White "Mueschenich, Stefan"]
[Black "Koke, Christoph"]
[Result "1/2-1/2"]
[WhiteElo "2103"]
[BlackElo "2081"]
[PlyCount "82"]
[EventDate "2013.09.07"]
[EventType "team-tourn"]
[EventRounds "9"]
[EventCountry "GER"]
[SourceTitle "EXT 2015"]
[Source "ChessBase"]
[SourceDate "2014.11.20"]
[SourceVersion "1"]
[SourceVersionDate "2014.11.20"]
[SourceQuality "1"]
[WhiteTeam "Muenster SK II"]
[BlackTeam "Olfen"]
[WhiteTeamCountry "GER"]
[BlackTeamCountry "GER"]

1. e4 c5 2. Nf3 d6 3. Bb5+ Bd7 4. Bxd7+ Qxd7 5. c4 Nc6 6. Nc3 g6 7. d4 cxd4 8. Nxd4 Nf6 9. f3 Nxd4 10. Qxd4 Bg7 11. Be3 0-0 12. Qd3 Rfd8 13. 0-0 Ne8 14. Rfd1 e6 15. Rac1 Qe7 16. Qd2 Bf6 17. b3 b6 18. Bd4 Rd7 19. Rc2 Rad8 20. Qf2 Bxd4 21. Rxd4 Kf8 22. Rcd2 Qf6 23. Qe3 Ke7 24. g3 g5 25. Kh1 h6 26. R4d3 Nc7 27. f4 Na6 28. Rxd6 Rxd6 29. Rxd6 gxf4 30. gxf4 Rxd6 31. e5 Qf5 32. exd6+ Kxd6 33. Nb5+ Ke7 34. Nxa7 Nc5 35. Nc8+ Kd8 36. Nxb6 Qb1+ 37. Kg2 Qxa2+ 38. Kf3 Qxb3 39. Qxb3 Nxb3 40. Ke3 Kc7 41. Na4 Kd6 1/2-1/2

[Event "Muensterland Regionalliga 1314"]
[Site "Germany"]
[Date "2013.10.05"]
[Round "2.1"]
[White "Ottens, Stephan"]
[Black "Koke, Christoph"]
[Result "1/2-1/2"]
[WhiteElo "2159"]
[BlackElo "2081"]
[PlyCount "59"]
[EventDate "2013.09.07"]
[EventType "team-tourn"]
[EventRounds "9"]
[EventCountry "GER"]
[SourceTitle "EXT 2015"]
[Source "ChessBase"]
[SourceDate "2014.11.20"]
[SourceVersion "1"]
[SourceVersionDate "2014.11.20"]
[SourceQuality "1"]
[WhiteTeam "Rheine Klein Berlin"]
[BlackTeam "Olfen"]
[WhiteTeamCountry "GER"]
[BlackTeamCountry "GER"]

1. e4 c5 2. Nf3 d6 3. Bb5+ Bd7 4. Bxd7+ Qxd7 5. c4 Nc6 6. d4 cxd4 7. Nxd4 g6 8. Nc3 Bg7 9. Nde2 Nf6 10. 0-0 Rc8 11. f3 0-0 12. Be3 Rfd8 13. Qd2 Ne8 14. Rfd1 Nc7 15. Rac1 Rb8 16. b3 b6 17. a4 Ne6 18. Nd5 Nc5 19. Rb1 e6 20. Ndc3 a5 21. Nb5 Qe7 22. Bg5 Bf6 23. Bxf6 Qxf6 24. Qc3 Qxc3 25. Nexc3 Nb7 26. Rd2 Kf8 27. Rbd1 Ke7 28. f4 Nb4 29. g4 Rd7 30. g5 1/2-1/2

[Event "Muensterland Regionalliga 1314"]
[Site "Germany"]
[Date "2013.09.07"]
[Round "1.1"]
[White "Koke, Christoph"]
[Black "Monsma, Menno"]
[Result "1-0"]
[WhiteElo "2081"]
[BlackElo "2038"]
[PlyCount "79"]
[EventDate "2013.09.07"]
[EventType "team-tourn"]
[EventRounds "9"]
[EventCountry "GER"]
[SourceTitle "EXT 2015"]
[Source "ChessBase"]
[SourceDate "2014.11.20"]
[SourceVersion "1"]
[SourceVersionDate "2014.11.20"]
[SourceQuality "1"]
[WhiteTeam "Olfen"]
[BlackTeam "Gronau"]
[WhiteTeamCountry "GER"]
[BlackTeamCountry "GER"]

1. d4 Nf6 2. c4 e6 3. g3 c5 4. d5 exd5 5. cxd5 d6 6. Nc3 g6 7. Bg2 Bg7 8. Nf3 0-0 9. 0-0 Bg4 10. Nd2 Qd7 11. a4 Na6 12. Nc4 Rfd8 13. Bf4 Ne8 14. Re1 Nac7 15. Qb3 Rab8 16. Nb5 Nxb5 17. axb5 a6 18. b6 Bh3 19. e4 Bxg2 20. Kxg2 Bd4 21. Rad1 Rbc8 22. Qc2 f6 23. Be3 Bxe3 24. Rxe3 Ng7 25. f4 Qf7 26. Qd3 Qf8 27. Rf3 Qe8 28. Rd2 Rd7 29. Re2 Rcd8 30. Rfe3 Qf7 31. Rf3 Qe8 32. g4 Qe7 33. h3 Ne8 34. Na5 Ng7 35. Nc6 bxc6 36. dxc6 Rc7 37. bxc7 Qxc7 38. Qd5+ Kf8 39. Rb3 Rb8 40. Rb7 1-0

[Event "Muensterland Verbandsklasse-A 1213"]
[Site "Germany"]
[Date "2012.12.15"]
[Round "4.1"]
[White "Melkert, Tim"]
[Black "Koke, Christoph"]
[Result "1-0"]
[WhiteElo "1827"]
[BlackElo "2086"]
[PlyCount "71"]
[EventDate "2012.09.15"]
[EventType "team-tourn"]
[EventRounds "9"]
[EventCountry "GER"]
[SourceTitle "EXT 2015"]
[Source "ChessBase"]
[SourceDate "2014.11.20"]
[SourceVersion "1"]
[SourceVersionDate "2014.11.20"]
[SourceQuality "1"]
[WhiteTeam "Nienberge II"]
[BlackTeam "Olfen"]
[WhiteTeamCountry "GER"]
[BlackTeamCountry "GER"]

1. Nf3 Nf6 2. d4 g6 3. Nc3 d5 4. Bg5 Bg7 5. Bxf6 exf6 6. e3 0-0 7. Bd3 Nc6 8. 0-0 Ne7 9. Na4 c6 10. c4 dxc4 11. Be2 f5 12. Nc3 b5 13. a4 Qb6 14. axb5 cxb5 15. Nd2 Be6 16. b3 cxb3 17. Nxb3 Rac8 18. Nc5 Rxc5 19. dxc5 Qxc5 20. Nxb5 Bxa1 21. Qxa1 Nc8 22. Rc1 Qb6 23. Qf6 Qd8 24. Qa1 Qb6 25. Qf6 Bd5 26. Qh4 Be4 27. Nd4 a5 28. Nf3 Qb2 29. Re1 Qb4 30. Rd1 Qe7 31. Ng5 h5 32. Bxh5 gxh5 33. Qxh5 f6 34. Qg6+ Qg7 35. Qxg7+ Kxg7 36. Ne6+ 1-0

[Event "Muensterland op 29th"]
[Site "Senden"]
[Date "2011.10.27"]
[Round "8"]
[White "Koke, Christoph"]
[Black "Sazanov, Nikolay E"]
[Result "0-1"]
[WhiteElo "2121"]
[BlackElo "2218"]
[PlyCount "116"]
[EventDate "2011.10.21"]
[EventType "swiss"]
[EventRounds "9"]
[EventCountry "GER"]
[SourceTitle "EXT 2012"]
[Source "ChessBase"]
[SourceDate "2011.11.24"]
[SourceVersion "1"]
[SourceVersionDate "2011.11.24"]
[SourceQuality "1"]

1. d4 d5 2. c4 e6 3. Nf3 f5 4. g3 Nf6 5. Bg2 c6 6. 0-0 Nbd7 7. Qc2 Ne4 8. Nc3 Bd6 9. Rb1 a5 10. a3 Qe7 11. Bf4 Bxf4 12. gxf4 g5 13. Nxg5 Nxg5 14. fxg5 Qxg5 15. f4 Qg7 16. cxd5 exd5 17. Qxf5 Qxd4+ 18. e3 Qf6 19. Qc2 0-0 20. e4 Nc5 21. Kh1 dxe4 22. Nxe4 Nxe4 23. Bxe4 Bf5 24. Rg1+ Kh8 25. Rbd1 Bxe4+ 26. Qxe4 Rae8 27. Qd4 Qxd4 28. Rxd4 Re7 29. b4 axb4 30. Rxb4 Rff7 31. Rg3 c5 32. Rc4 Rf5 33. a4 Rd5 34. Rgc3 Rc7 35. Kg2 Kg7 36. Kf3 Kf6 37. Re4 Rh5 38. Rc2 Rh3+ 39. Kg4 Rd3 40. Rec4 Rg7+ 41. Kh4 b6 42. a5 Kf5 43. R4c3 Rd6 44. Kh5 Rgg6 45. Kh4 Kxf4 46. Rc4+ Rd4 47. Kh5 Rxc4 48. Rxc4+ Ke5 49. axb6 Kd5 50. Ra4 Rxb6 51. Ra7 h6 52. Rc7 c4 53. h4 Rc6 54. Rxc6 Kxc6 55. Kxh6 c3 56. h5 c2 57. Kg7 c1Q 58. h6 Qg5+ 0-1